Memoria de la Secretaría de Estado de Relaciones Exteriores : (Record no. 29340)
[ view plain ]
| 000 -CABECERA | |
|---|---|
| campo de control de longitud fija | 00843nam a2200217 a 4500 |
| 001 - NÚMERO DE CONTROL | |
| campo de control | 000029848 |
| 003 - IDENTIFICADOR DEL NÚMERO DE CONTROL | |
| campo de control | OSt |
| 005 - FECHA Y HORA DE LA ÚLTIMA TRANSACCIÓN | |
| campo de control | 20201218114815.0 |
| 008 - DATOS DE LONGITUD FIJA--INFORMACIÓN GENERAL | |
| campo de control de longitud fija | 110426s1940 dr 000 spa d |
| 040 ## - FUENTE DE LA CATALOGACIÓN | |
| Centro catalogador/agencia de origen | DO-SdBNP |
| Lengua de catalogación | spa |
| Centro/agencia transcriptor | BNPHU |
| 082 #4 - NÚMERO DE LA CLASIFICACIÓN DECIMAL DEWEY | |
| Número de clasificación | 327.7293 |
| Número de documento/Ítem | R426m |
| Número de edición | 22 |
| 110 2# - ENTRADA PRINCIPAL--NOMBRE DE ENTIDAD CORPORATIVA | |
| Nombre de entidad corporativa o nombre de jurisdicción como elemento de entrada | República Dominicana |
| Unidad subordinada | Secretaría de Relaciones Exteriores |
| 9 (RLIN) | 2519 |
| 245 10 - MENCIÓN DE TÍTULO | |
| Título | Memoria de la Secretaría de Estado de Relaciones Exteriores : |
| Resto del título | correspondiente al año 1940. |
| 260 ## - PUBLICACIÓN, DISTRIBUCIÓN, ETC. | |
| Lugar de publicación, distribución, etc. | Ciudad Trujillo, República Dominicana : |
| Nombre del editor, distribuidor, etc. | La Nación, |
| Fecha de publicación, distribución, etc. | 1940 |
| 300 ## - DESCRIPCIÓN FÍSICA | |
| Extensión | 340 p. ; |
| Dimensiones | 28 cm. |
| 590 ## - NOTA LOCAL (RLIN) | |
| Nota local | Inventariado, 2020/VM |
| 651 #4 - PUNTO DE ACCESO ADICIONAL DE MATERIA--NOMBRE GEOGRÁFICO | |
| Nombre geográfico | República Dominicana |
| Subdivisión general | Relaciones exteriores |
| 9 (RLIN) | 2258 |
| Subdivisión cronológica | 1940 |
| 651 #4 - PUNTO DE ACCESO ADICIONAL DE MATERIA--NOMBRE GEOGRÁFICO | |
| Nombre geográfico | República Dominicana |
| Subdivisión general | Politca y gobierno |
| Subdivisión cronológica | Era de Trujillo, 1930-1961 |
| 9 (RLIN) | 77631 |
| 910 ## - DATOS DE OPCIÓN DEL USUARIO (OCLC) | |
| Datos de opción del usuario | VMateo/Validado. Control de calidad MFF |
| 942 ## - ELEMENTOS DE PUNTO DE ACCESO ADICIONAL (KOHA) | |
| Fuente del sistema de clasificación o colocación | Dewey Decimal Classification |
| Tipo de ítem Koha | Libro |
| Estado de retiro | Estado de pérdida | Fuente del sistema de clasificación o colocación | Restricciones de uso | No para préstamo | Código de colección | Localización permanente | Ubicación/localización actual | Ubicación en estantería | Fecha de adquisición | Total de préstamos | Signatura topográfica completa | Código de barras | Fecha visto por última vez | Precio válido a partir de | Tipo de ítem Koha |
|---|---|---|---|---|---|---|---|---|---|---|---|---|---|---|---|
| Dewey Decimal Classification | Excluido de préstamo | Excluido de préstamo | Raros y valiosos | Biblioteca Nacional Pedro Henríquez Ureña | Patrimonio Dominicano | Depósito | 18.12.2020 | BNPHU PD-RV 327.7293 R426m 1940 | 2020-0797 | 18.12.2020 | 18.12.2020 | Libro |
